Central Library OPAC University of Rajshahi

Boswell's Life of Johnson : (Record no. 24165)

MARC details
000 -LEADER
fixed length control field 00866cam a2200253u 4500
001 - CONTROL NUMBER
control field 24165
003 - CONTROL NUMBER IDENTIFIER
rucl marc code BD-RjUL
005 - DATE AND TIME OF LATEST TRANSACTION
control field 20211209001021.0
008 - FIXED-LENGTH DATA ELEMENTS--GENERAL INFORMATION
fixed length control field 140312s1934 enkch 000 0beng d
035 ## - SYSTEM CONTROL NUMBER
System control number (BD-RjUL) 24231
040 ## - CATALOGING SOURCE
Original cataloging agency DLC
Transcribing agency CarP
Modifying agency DLC
-- BD-RjUL
Language of cataloging eng
041 ## - LANGUAGE CODE
Language code of text/sound track or separate title eng
082 00 - DEWEY DECIMAL CLASSIFICATION NUMBER
Classification number 824.6
Author mark and year BOB V-3 1934
100 1# - MAIN ENTRY--PERSONAL NAME
Personal name Boswell, James,
Dates associated with a name 1740-1795.
9 (RLIN) 74446
245 00 - TITLE STATEMENT
Title Boswell's Life of Johnson :
Remainder of title Together With Boswells Journal of a Tour to the Herriders /
Number of part/section of a work Volume III :
Name of part/section of a work The Life 1776-1780
260 ## - PUBLICATION, DISTRIBUTION, ETC. (IMPRINT)
Place of publication, distribution, etc. London :
Name of publisher, distributor, etc. Oxford university press,
Date of publication, distribution, etc. c1934
300 ## - PHYSICAL DESCRIPTION
Pagination 541p. :
Illustrations fronts. (ports.) 2 facsim. (1 double.) ;
Size 19 cm.
600 10 - SUBJECT ADDED ENTRY--PERSONAL NAME
Personal name Johnson, Samuel,
Dates associated with a name 1709-1784.
700 1# - ADDED ENTRY--PERSONAL NAME
Personal name Tinker, Chauncey Brewster,
Dates associated with a name 1876-1963.
Personal name Powel, L. F
942 ## - ADDED ENTRY ELEMENTS (KOHA)
Source of classification or shelving scheme Dewey Decimal Classification
Koha item type Books
Holdings
Lost status Source of classification or shelving scheme Damaged status Not for loan Collection code Permanent Location Current Location Shelving location Date acquired Source of acquisition Cost, normal purchase price Total Checkouts Full call number Date last seen Copy number Koha item type
  Dewey Decimal Classification   Added to bundle Non-fiction Central Library, University of Rajshahi Central Library, University of Rajshahi Reading Room 08/08/1955 O. U. P. 52.80   824.6 BOB V-3 1934 12/03/2014 C-1 Books